| 000 | 00489nam a2200145 a 4500 | ||
|---|---|---|---|
| 001 | 000038089 | ||
| 005 | 20201002031155.0 | ||
| 008 | 130313s2010 dr 000 0 spa d | ||
| 040 |
_aDO-SdBNP _bspa _cBNPHU |
||
| 100 | 1 |
_aVillamán, Marcos _9760 |
|
| 245 | 0 | 0 |
_aReforma del Estado : _bEstado de la reforma / _cMarcos Villamán. |
| 260 |
_aSanto Domingo : _bConsejo Nacional de Reforma del Estado (CONARE), _c2010. |
||
| 300 |
_a20 p. ; _c29 cm. |
||
| 500 | _aIncluye notas al pie de las páginas | ||
| 999 |
_c37579 _d37579 |
||